000 00408nam a2200181Ia 4500
001 4960
005 20260306145833.0
008 260306t1996||||xx |||||||||||||| ||spa||
041 _aESP
082 _a332.1
_bF11
100 _aFabozzi, Frank J.
_eAUT
245 0 _aMercados e Instituciones financieras
260 _c1996
300 _a
_c
650 _aGEN
654 _aCAN
942 _cLIB
_dJUS
_fJUS
_2ddc
_n
999 _c4960
_d4960